Codons for Amino Acids - Statistics

General Stats
  • This quiz has been taken 20 times
  • The average score is 11 of 21
Answer Stats
Hint Answer % Correct
Methionine AUG
100%
Tryptophan UGG
62%
Lysine AAA, AAG
54%
Asparagine AAU, AAC
54%
Isoleucine AUU, AUC, AUA
54%
Glutamine CAA, CAG
54%
Histidine CAU, CAC
54%
Glutamic acid GAA, GAG
54%
Aspartic acid GAU, GAC
54%
Alanine GCU, GCC, GCA, GCG
54%
Glycine GGU, GGC, GGA, GGG
54%
Valine GUU, GUC, GUA, GUG
54%
Stop codons UAA, UAG, UGA
54%
Tyrosine UAU, UAC
54%
Leucine UUA, UUG, CUU, CUC, CUA, CUG
54%
Phenylalanine UUU, UUC
54%
Threonine ACU, ACC, ACA, ACG
46%
Proline CCU, CCC, CCA, CCG
46%
Arginine CGU, CGC, CGA, CGG, AGA, AGG
46%
Cysteine UGU, UGC
46%
Serine UCU, UCC, UCA, UCG, AGU, AGC
38%
No matching quizzes found
Score Distribution
Percent of People with Each Score
Percentile by Number Answered
Your Score History
You have not taken this quiz